Life talk for a daughter : advice on 70 issues from love and success to peer pressure, binge drinking and tough choices (Record no. 161210)

MARC details
000 -LEADER
fixed length control field 00373nam a2200097Ia 4500
082 ## - DEWEY DECIMAL CLASSIFICATION NUMBER
Classification number 646.7008352 GATE
008 - FIXED-LENGTH DATA ELEMENTS--GENERAL INFORMATION
fixed length control field 210817s9999 xx 000 0 und d
100 ## - MAIN ENTRY--PERSONAL NAME
Personal name Little-Gates, Izabella Wandsbeck, South Africa, 2012
245 #0 - TITLE STATEMENT
Title Life talk for a daughter : advice on 70 issues from love and success to peer pressure, binge drinking and tough choices
942 ## - ADDED ENTRY ELEMENTS
item type Books
Holdings
Withdrawn status Lost status Damaged status Not for loan Home library Current library Date acquired Cost, normal purchase price Total Checkouts Barcode Date last seen Price effective from item type
        Evander Evander 18.08.2021 130.00   3228246075916 18.08.2021 18.08.2021 Books